| 000 | 01091nam a22002657a 4500 | ||
|---|---|---|---|
| 005 | 20170124103021.0 | ||
| 010 | _aA-745932 | ||
| 020 | _c110.00 | ||
| 035 | _aA-745932 | ||
| 037 |
_bCen Lib/Ret _a8190379607 |
||
| 040 |
_aDPL _bHN |
||
| 082 |
_aउ _bमित्रवि |
||
| 100 |
_aमित्र, विमल _960714 |
||
| 245 |
_aभगवान रो रहा है / _cविमल मित्र ; सुशील गुप्ता |
||
| 246 |
_aBhagwan ro raha hai / _bby Vimal mitr ; anuvadak Susheel Gupta |
||
| 260 |
_aदिल्ली _bसन्मार्ग प्रकाशन _c1995 |
||
| 270 |
_aकश्मीरी गेट _bदिल्ली _e110007 |
||
| 300 |
_a167पृ. _c19सेमी(सजिल्द ) |
||
| 650 |
_aहिंदी साहित्य _x _z _960715 |
||
| 650 |
_aहिंदी उपन्यास _960716 |
||
| 650 |
_aHindi literature _v _960717 |
||
| 650 |
_aHindi fiction _927248 |
||
| 700 |
_bगुप्ता, सुशील _960718 |
||
| 942 |
_2ddc _cHN _hउ _mमित्रवि |
||
| 999 |
_c115282 _d115282 |
||